000 00437nam a22001697a 4500
005 20250505152446.0
008 250505b |||||||| |||| 00| 0 eng d
041 _amar
082 _a891.46
_bKUL B22639
100 _aKulkarni N
_9211702
245 _aHutatma Ramprasad Bismil
260 _aPune
_bBharatiya Vichar Sadhana Prakashan
_c2024
300 _a126p
500 _aMarathi Literature
500 _aLiterature
942 _cBK
999 _c366195
_d366195